000 00642nam a2200217 a 4500
001 86309
003 BD-RjUL
005 20260402151024.0
008 260402s2014 ii ||||| |||| 00| 0 eng d
020 _a9789383098149
035 _a(BD-RjUL)86309
040 _aBD-RjUL
_beng
_cBD-RjUL
041 _aeng
082 _223
_a787.2092
_bSHS 2014
100 _aSharma, Shiv Kumar
_917993
245 _aShiv Kumar Sharma :
_bThe Man & His Music /
_cShiv Kumar Sharma; edited by Ina Puri
600 _aSharma, Shiv Kumar
_xBiography
_917994
650 _aStringed instruments
_96330
650 _aIndian classical music
_917995
942 _2ddc
_cBK
999 _c86309
_d86309